000 00508nam a2200229Ia 4500
003 IT-RoPAU
008 120407s9999 xx 000 0 und d
040 _aIT-RoPAU
040 _cIT-RoPAU
041 _aita
100 _aGerhard Ebeling
245 _aIntroduzione allo studio del linguaggio teologico.
250 _aBrescia
260 _aPaideia
260 _c1981
300 _a235 p.
300 _c21 cm
490 _aBib. cultura religiosa
490 _v140
942 _cBK
999 _c29797
_d29797